• 首页
  • 本馆介绍
  • 公告通知
  • 最新文献
  • 馆藏检索
  • 电子资源
  • 读者导购
  • 参考咨询
  • 我的图书馆
  • 登录
  • 详细信息显示
  • 放入我的书架
  • 预约/预借图书
  • 作者相关作品
  • 分类相关作品
  • 丛书相关作品
  • 出版社相关作品

书目信息

  • 表格格式
  • 工作单格式
  • 卡片格式
题名:
西方音乐欣赏
    
 
作者: 马克利斯 著 ;刘可希 译
分册:  
出版信息: 北京   人民音乐出版社  1998.02
页数: 667页
开本: 21cm
丛书名:
单 册:
中图分类: J605.5
科图分类:
主题词: 音乐--作品--艺术评论--欧洲 , 音乐欣赏--欧洲
电子资源:
ISBN: 7-103-01616-X
000 00663nam0 2200217 45
001 0210230974
005 20041125142629.0
010    @a7-103-01616-X@dCNY34.20
100    @a20021023d1998 km y0chiy0120 ea
101 0  @achi
105    @a z 000yy
200 1  @a西方音乐欣赏@AXi Fang Yin Yue Xin Shang@f(美)约瑟夫·马克利斯著@F(Mei)Yue Se Fu·Ma Ke Li Si Zhu@g刘可希译
210    @a北京@c人民音乐出版社@d1998.02
215    @a667页@d21cm
606 0  @a音乐@x作品@x艺术评论@y欧洲
606 0  @a音乐欣赏@y欧洲
690    @aJ605.5@v4
701  0 @a马克利斯@4著
702  0 @a刘可希@ALiu Ke Xi@4译
801    @aCN@bTSTC@c20021023
905    @b315952-954@dJ605.5@e221@f3
    
    西方音乐欣赏/(美)约瑟夫·马克利斯著/刘可希译.-北京:人民音乐出版社,1998.02
    667页;21cm
    
    
    ISBN 7-103-01616-X:CNY34.20
    
●
相关链接 在E读中查询图书 在五车中查询图书 在当当中查询图书 在豆瓣中查询图书


正题名:西方音乐欣赏     索取号:J605.5/221         预约/预借

序号 登录号 条形码 馆藏地/架位号 状态 备注
1 0315952   203159526   第一借阅区/ [索取号:J605.5/221] 在馆    
2 0315953   203159535   第一借阅区/ [索取号:J605.5/221] 在馆    
3 0315954   203159544   第一样本阅览室/ [索取号:J605.5/221] 在馆    
唐山师范学院图书馆 欢迎您!
大连网信软件有限公司© 版权所有